00673nam a2200229 a 4500001001300000003000900013005001700022008004100039020002300080082001600103100002300119245002700142260003800169300000800207500003500215650001900250700002300269902000800292942000700300952011900307999001700426nice12345678IN_TiNIC20260116015036.0070619s1992 dela grp 000 0 eng  a812071444X c10000a891.51bFIT aFitzgerald, Edward aRubaiyatb Omar Khyyam aDelhibSterling Publishers c1992 a56p aincludes index and biblioraphy aPersian Poetry1 aFitzgerald, Edward bSRS cBK 001040708StackRoom-aHMIbHMId2007-06-19g100.00l0o891.51 FITp11001338r2007-06-19v100.00w2007-06-19yBK c18069d18069